000 00313nam a2200133Ia 4500
008 190216s9999||||xx |||||||||||||| ||und||
100 _a"Shashi K.Guptha,Neethi Guptha"
245 0 _aFinancial Management
250 _a1st Ed.
260 _bKalyani Pub
_c2006
300 _a158
650 _aCommerce
942 _cBK
999 _c8205
_d8205